000 00728nam a2200277Ia 4500
008 180803s9999 xx 000 0 und d
020 _a9780920668375
050 _bM969 1986
100 _aMunsch, Robert
245 0 _aLove you forever /
245 0 _cby Robert Munsch ; illustrated by Sheila McGraw.
260 _aRichmond Hill, Ontario :
260 _bFirefly Books Ltd.,
260 _c1986
300 _aunpaged :
300 _bcolored ;
300 _c20cm.
500 _a780
650 _aChildren and adults --
650 _aChildren and adults.
650 _aLove, Maternal --
650 _xJuvenile literature.
650 _xJuvenile Literature.
700 _aMcGraw, Sheila.
700 _aTitle.
999 _c358248
_d358248